|
|
|
|
| LEADER |
01346nam a2200301 a 4500 |
| 001 |
0017850 |
| 003 |
BD-DhAAL |
| 008 |
100201s2006 sz a 001 0 eng d |
| 010 |
|
|
|a 2001445309
|
| 020 |
|
|
|a 9782940373437 (pbk.)
|
| 020 |
|
|
|a 2940373434 (pbk.)
|
| 040 |
|
|
|a StDuBDS
|b eng
|c StDuBDS
|d UK
|d BD-DhAAL
|
| 082 |
0 |
4 |
|a 741.603
|2 22
|
| 100 |
1 |
|
|a Ambrose, Gavin.
|9 31989
|
| 245 |
0 |
0 |
|a The visual dictionary of graphic design,
|g 1999-2000.
|
| 260 |
|
|
|a Lausanne :
|b AVA ;
|a London :
|b Thames & Hudson [distributor],
|c c2006.
|
| 300 |
|
|
|a 288 p. :
|b ill (chiefly col.) ;
|c 17 cm
|
| 500 |
|
|
|a Includes index.
|
| 500 |
|
|
|a Includes statistical tables.
|
| 526 |
|
|
|a ARC
|x Md. Shajjad Hossain,
Faculty members of the Department of Architecture
|
| 541 |
1 |
|
|e 0017850
|a Zeenat Book Supply Limited
|
| 650 |
|
0 |
|a Graphic arts
|v Dictionaries.
|9 31990
|
| 650 |
|
0 |
|a Graphic design (Typography)
|v Dictionaries.
|9 31991
|
| 700 |
1 |
|
|a Harris, Paul |q (Paul Arthur),
|9 31992
|
| 852 |
4 |
|
|a Ayesha Abed Library
|c General Stacks
|
| 942 |
|
|
|2 ddc
|c BK
|
| 999 |
|
|
|c 7300
|d 7300
|
| 952 |
|
|
|0 0
|1 4
|2 ddc
|4 0
|6 741_603000000000000_AMB
|7 0
|9 7716
|a BRACUL
|b BRACUL
|c GEN
|d 2010-02-02
|e Zeenat Book Supply Limited
|g 2018.00
|l 0
|o 741.603 AMB
|p 3010017850
|r 2010-02-02
|t 1
|w 2010-02-02
|y BK
|x Koha Inventory 2020 ; Requisitioned by Md. Shajjad Hossain (Faculty members of the Department of Architecture).
|